[Event "Ghent 23rd"]
[Site "Ghent"]
[Date "2000.07.15"]
[Round "2"]
[White "Werbeck, Torsten"]
[Black "Anker, Michael"]
[Result "1-0"]
[WhiteElo "2256"]
[BlackElo "1886"]
[PlyCount "71"]
[EventDate "2000.07.15"]
[EventType "swiss"]
[EventRounds "9"]
[EventCountry "BEL"]
[SourceTitle "EXT 2006"]
[Source "ChessBase"]
[SourceDate "2005.11.24"]
[SourceVersion "1"]
[SourceVersionDate "2005.11.24"]
[SourceQuality "1"]

1. d4 Nf6 2. Nf3 g6 3. c4 c5 4. Nc3 Bg7 5. e4 d6 6. Be2 0-0 7. 0-0 a6 8. Bg5 cxd4 9. Nxd4 Nc6 10. Qd2 Bd7 11. Rfd1 Rc8 12. Nc2 Na5 13. e5 Ne8 14. exd6 Nxd6 15. Nd5 f6 16. Be3 Naxc4 17. Bxc4 Nxc4 18. Qb4 Kf7 19. Bc5 Qa5 20. Nxe7 Rxc5 21. Rxd7 Qxb4 22. Nxb4 Nxb2 23. Re1 Re5 24. Nec6+ Kg8 25. Nxe5 fxe5 26. Rxb7 a5 27. Nc6 Nd3 28. Re2 e4 29. Rb8 Rxb8 30. Nxb8 Nc5 31. Rc2 Nd3 32. Nc6 a4 33. a3 Bf8 34. Rc3 Bc5 35. Kf1 Kf7 36. Ne5+ 1-0